| 000 | 00484pab a2200169 454500 | ||
|---|---|---|---|
| 008 | 180718b2017 xxu||||| |||| 00| 0 eng d | ||
| 100 | _aPoornima, A. | ||
| 245 | _aThe influence of emotional intelligence on transformational leadership with respect to service sector | ||
| 260 | _c2017 | ||
| 300 | _ap.179-187. | ||
| 650 | _aService industries | ||
| 650 | _aLeadership | ||
| 650 | _aEmotional development | ||
| 700 | _aSujatha, S. | ||
| 773 | _aMan in India | ||
| 909 | _a115848 | ||
| 999 |
_c115842 _d115842 |
||